Spider-Man Villains 2 - Statistics

General Stats
  • This quiz has been taken 61 times
  • The average score is 29 of 98
Answer Stats
Hints Answer % Correct
Doctor who had a set of mechanical limbs fused to his body Doctor Octopus
96%
Struck by lightning after working on a power line and became a living electric capacitor Electro
96%
Made of sand Sandman
96%
Uses tech to create illusions Mysterio
94%
"We are ^" Venom
94%
CEO of Oscorp with a personal vendetta against Spiderman Green Goblin
92%
Lost an arm and found a cure that turned him into a reptile Lizard
90%
The Kingpin of crime Kingpin
88%
Engineer who had spinal cancer and created wings that made him fly Vulture
88%
Master of disguises and Spiderman's first villain Chameleon
86%
The technical offspring of the above Carnage
84%
Discovered secret OSCORP lair and tweaked a formula that gave him the abilities of Spiderman's arch nemesis without the insanity Hobgoblin
84%
Man trapped in an armoured suit Rhino
82%
Uses shockwaves to rob banks Shocker
82%
The living vampire Morbius
80%
Master burglar is a love interest and part time ally of Spiderman, also fighting him at times Black Cat
76%
Obsessed with finding an 'equal' Kraven
75%
An albino mob enforcer with very hard skin Tombstone
65%
Criminal who underwent a test that gave him superhuman strength, funded by J. Jonah Jameson to defeat Spiderman but went rogue Scorpion
59%
A mobster who has most of his skull replaced with an unbendable steel alloy Hammerhead
57%
Professor who clones people and likes to torment Spiderman with them Jackal
49%
A name given to different tarantula-themed villains Tarantula
43%
Teenage prodigy that created technology allowing him to equip clawed gauntlets, operating as a petty thief Prowler
41%
A former crewman who gained aquakinetic abilities after an accident in the fight between Spiderman and Namor Hydro-Man
39%
Engineer who creates evil gadgets to cause crimes Tinkerer
39%
Channels negative energy and wields a sword Mister Negative
37%
Rides a BIG WHEEL Big Wheel
35%
A former baseball player who uses boomerangs as weapons Boomerang
33%
A scientist who was covered in a liquid metallic alloy that gave him super strength and allowed him to generate heat and radiation Molten Man
33%
Scientist turned criminal who can create portals leading to other dimensions Spot
33%
The editor in chief of The Daily Bugle J. Jonah Jameson
31%
Spiderman's bully Flash Thompson
29%
The worlds first "live-streaming super-villain" Screwball
29%
An aging crime boss that is later turned into a cyborg with super strength Silvermane
27%
A demon who manipulates Spiderman and other superheroes into making deals with him Mephisto
25%
A member of the Inheritors who can drain the life force of Spider-Totems Morlun
25%
Created a suit that is perfectly capable of killing Spiderman Spider Slayer
25%
Criminal who uses tech and flying wings to cause chaos Beetle
22%
Spiderman's best friend New Goblin
22%
A former Nazi and beekeeper whose skeleton is surrounded by a swarm of bees Swarm
22%
A name given to two kangaroo-themed villains Kangaroo
20%
A gray-resembling Goblin whose alias was used by different people Gray Goblin
18%
The leader of the Enforcers Montana
18%
A chemist with super-speed and former member of the Squadron Sinister Speed Demon
18%
A rabbit-themed supervillain, who pilots a giant rabbit mech and has a large arsenal of weapons at her disposal White Rabbit
18%
Member of The Enforcers Fancy Dan
16%
A lesser like criminal with gibbon-like abilities Gibbon
16%
An ex-professional wrestler who wears a grizzly bear-themed outfit Grizzly
16%
A living robot which is designed to solve any problem Living Brain
16%
A notorious crime lord in NYC Big Man
14%
A halloween themed mercenary/villain whose alias was used by different people Jack O'Lantern
14%
Was transformed into a werewolf after being exposed to the alien godstone Man-Wolf
14%
The strongest member of The Enforcers Ox
14%
The alias of a gentleman-like crime lord with the alias used by different people most notably Wilson Fisk's son Rose
14%
Originally a clone of Miles Warren, he can levitate, kill by touch, control his density and telepathy. Carrion
12%
A hippopotamus who was uplifted by the High Evolutionary and gained an anthropomorphic form Hippo
12%
A criminal who was imprinted with the genetic code of a housefly Human Fly
12%
Criminal who can convert any vehicle into a highly powered one Overdrive
12%
A Native American who was bred to be a perfect warrior prophesied to stop a future threat that might destroy the world, gaining the ability to transform into a mountain lion werecat at will Puma
12%
Multiple abilities ranging from artificially heightened physicality, to super energy manipulation and self-healing. Is a recurring villain of Ghost Rider Sin-Eater
12%
The man who killed Spiderman's uncle Burglar
10%
An accomplice of the hunter who uses voodoo potions and magic Calypso
10%
A professional criminal who has the alias of different people Crime Master
10%
A nearly-mindless duplicate of Spiderman Doppelganger
10%
A superhuman with telepathic powers Mindworm
10%
An insectoid creature from the Astral Plane Shathra
10%
A scientist who became a humanoid dinosaur using the same method that Curt Connors used to turn him into a reptile Stegron
10%
A geneticist who was turned into a humanoid rat by Arnim Zola Vermin
10%
A master mercenary and assassin Foreigner
8%
An alien found by the hunter that quickly grew gigantic in size and possesses superhuman strength and bracelets that allow interdimensional teleportation Gog
8%
A human-turned-demon Kindred
8%
Two brothers who became werewolves and Drug Cartel members who expanded into Texas Lobo Brothers
8%
A poor scientist who gains powers from meteor gas Looter
8%
A Maggia lieutenant to Silver Mane with super strength Man Mountain Marko
8%
A brain-damaged criminal who lacks emotions Massacre
8%
A sound-manipulating supervillain Shriek
8%
A chemist whose suit allows him to move at nearly 30 miles per hour (48 km/h). He is almost impossible to grasp and he is incredibly maneuverable Slyde
8%
Introduced as a red herring to suggest the possibility of a third individual that was the original Peter Parker during the "Maximum Collage" story arc, he is one of the clones created by Dr. Miles Warren, to be his enforcer and protector. However, he is actually a clone of Ben Reilly, who is himself a clone of Spiderman. Spidercide
8%
A former Roxxon employee who can manipulate his molecules Will o' the Wisp
8%
A tarantula-themed martial artist Black Tarantula
6%
A drug addict turned into a superpowered being able to adapt to injuries by metamorphing into new forms. Freak
6%
Physics professor and vice-chancellor of Empire State University who became a criminal mastermind as a way to prevent budget cuts for higher education. He created a unique special power armour suit which utilised "gravity-pump circuitry" to allow him to manipulate photons for a variety of effects Lightmaster
6%
A panda-themed supervillain Panda-Mania
6%
Norman Osborn tests the incomplete version of the formula on an Oscorp employee, driving him insane and causing him to transform into a demonic being with super strength and agility, claws, talons, fangs, glowing green eyes, and near-impenetrable skin that is capable of withstanding several close range bullet shots Proto-Goblin
6%
The CEO of Empire Unlimited whose suit enables him to copy the powers of anyone imprisoned in his statis tubes Regent
6%
A supervillain who wields ring-based weapons Ringer
6%
The son of Wilson Fisk Schemer
6%
A mad scientist who has a disintegrating touch and a homeless man who has two-large weapons on his shoulders and was later mutated into a golem-like creature Styx and Stone
6%
A criminal genius and a former member of Fisk's criminal organisation. He is a former hitman in the Las Vegas division of Hydra and was empowered by the laboratory machine's of Farley Stillwell's brother Harlan Stillwell, becoming "The ^" Answer
4%
A former monk of Dakoth-Kuru, a sect that had managed to use their teachings to unlock the full potential of their minds, giving them incredible mental powers. The monk had more powers, including the ability to control the twelve others and took control of the entire brotherhood Black Abbot
4%
An expert martial artist and swordsman who wields cryonic swords that can freeze anyone in their place Coldheart
4%
A highly skilled and ruthless assassin who came under the employ of the gentlemanly crime lord during one of the many crime-gang wars and became his confidante as well as his chief enforcer. Delilah
4%
No description Finisher
4%
A human-sized semi-humanoid reptile with superhuman strength, hypnotic powers, and the ability to mentally control other reptiles, created in an accident by Curt Conners when it was tested on Iguana
4%
A former college teacher and partner of Norman Osborn that became a cyborg after being betrayed by him Robot Master
4%
A witch-hunter of Salem, Massachusetts in the 17th century who had been given mystical power by the Dark Rider Witch-Slayer
4%
Following an experiment by Project Pegasus, he gained the ability to draw electrical energy into one's body Incandescent Man
2%
A supervillain who is able to absorb and store electricity Supercharger
2%
No matching quizzes found
Score Distribution
Percent of People with Each Score
Percentile by Number Answered
Your Score History
You have not taken this quiz